Christian memories of the Maccabean martyrs (Record no. 129021)

MARC details
000 -LEADER
fixed length control field 00938nam a2200253Ia 4500
008 - FIXED-LENGTH DATA ELEMENTS--GENERAL INFORMATION
fixed length control field 191130s2009##################000#0#eng##
020 ## - INTERNATIONAL STANDARD BOOK NUMBER
ISBN 9780230602793
082 ## - DEWEY DECIMAL CLASSIFICATION NUMBER
Classification number 229.70609 JOS
100 ## - MAIN ENTRY--AUTHOR NAME
Personal name Joslyn-Siemiatkoski, Daniel
245 ## - TITLE STATEMENT
Title Christian memories of the Maccabean martyrs
Statement of responsibility, etc Daniel Joslyn-Siemiatkoski
260 ## - PUBLICATION, DISTRIBUTION, ETC. (IMPRINT)
Place of publication Basingstoke, Hampshire ; New York
Name of publisher Palgrave Macmillan
Year of publication c2009
300 ## - PHYSICAL DESCRIPTION
Number of Pages xii, 249 p. ; 22 cm
500 ## - GENERAL NOTE
General note Includes bibliographical references (p. [217]-238) and index
650 ## - SUBJECT ADDED ENTRY--TOPICAL TERM
Topical Term Bible. O.T. Apocrypha. Maccabees - Criticism, interpretation, etc. - History - Early church, ca. 30-600
Topical Term Christian literature, Early
Topical Term Christianity and other religions - Judaism
Topical Term Judaism - Relations - Christianity
Topical Term Maccabees
991 ## -
-- 93088
Holdings
Withdrawn status Lost status Damaged status Not for loan Home library Current library Shelving location Date acquired Full call number Accession Number Price effective from Koha item type
        Anna Centenary Library Anna Centenary Library 3RD FLOOR, B WING 12.10.2020 229.70609 JOS 321615 12.10.2020 English Books

Find us on the map